000 01216nam a22002897a 4500
999 _c63833
_d63833
005 20240530110701.0
008 171225s2015 ua a g b 000 0dara d
017 _a2014/19321
_bمصر. دار الكتب
020 _a9789777188609
040 _aEG-CaGPL
_cEG-CaGPL
082 0 4 _221
_a613.25\
_bت ق
100 1 _aتشيليا ، جينا
245 1 0 _aقضايا السمنة :
_cبين علم الاجتماع والعلوم الاخرى /
_bتحرير جينا تشيليا ، ألكساندرا جونسون ؛ ترجمة محمد السقا ؛ مراجعة فتح الله الشيخ .
250 _aط.1
260 _aالقاهرة :
_bالمركز القومى للترجمة ،
_c2015 .
300 _a237 ص. ؛
_c24 سم.
490 _aالمركز القومى للترجمة ؛
_v2406
650 0 7 _2qrmak
_aالسمنة
650 0 7 _2qrmak
_aالبدانة
650 0 7 _2qrmak
_aالبدانة
_xالجوانب الصحية
651 _2qrmak
700 0 _aألكساندرا جونسون
_eمحرر مشارك
700 0 _aمحمد السقا
_eمترجم
700 0 _aفتح الله الشيخ
_eمراجع
942 _2ddc
_cBK